000 00732cam a22002292 4500
001 0000020079
005 20151217155905.0
008 110628s xx 000 0 eng d
040 _aKABU
_cKABU
100 1 _aMcAuslan, J. P. W. B.
_@0000178056
245 1 0 _aAdministrative law in Kenya /
_cJ. P. W. B. McAuslan.
250 _a1st ed.
260 _aDar es Salaam :
_bLaw Faculty,
_c1965.
300 _a[50] p.
650 0 _aAdministrative law
_zKenya.
_@0000180145
908 _a110628
950 _@1
999 _c13773
_d13773